| 000 | 00385nam a2200133Ia 4500 | ||
|---|---|---|---|
| 008 | 220204s9999 xx 000 0 und d | ||
| 082 |
_a519.2 _bBUR |
||
| 100 | _aBurr, Irving W | ||
| 245 | 0 | _aStatistical quality control methods | |
| 260 |
_aNew York _bMarcel Dekker _c1976 |
||
| 490 | _aStatistics: Textbooks and monographs V 16 | ||
| 650 | _aStatistical quality control | ||
| 942 | _cBK | ||
| 999 |
_c26559 _d26559 |
||